| 000 | 00390cam a2200157ua 4500 | ||
|---|---|---|---|
| 041 |
_amal _h |
||
| 082 |
_a894.812301 _bKRI/VA |
||
| 100 | _aKishan, Chandar . | ||
| 245 |
_aVaccinator / _cKishan chandar. _hTextual Documents |
||
| 250 |
_a1 / _b. |
||
| 260 |
_aKannur : _bKairali sahakarana sangam ltd , _c1960. |
||
| 300 | _a78 ; . | ||
| 504 | _a | ||
| 942 | _cBK | ||
| 999 |
_c11512 _d11512 |
||